Mcdonnell Douglas airplanes - Statistics

General Stats
  • This quiz has been taken 34 times
  • The average score is 15 of 89
Answer Stats
Year Made Airplane % Correct
1990 MD-11
90%
1933 DC-1
83%
1959 DC-8
83%
1970 DC-10
79%
1953 DC-7
79%
1934 DC-2
76%
1935 DC-3
76%
1942 DC-4
76%
1939 DC-5
76%
1946 DC-6
76%
1965 DC-9
76%
1979 MD-80
69%
1993 MD-90
66%
1979 MD-82
55%
1999 MD-83
55%
1986 MD-88
55%
1979 MD-81
52%
1998 MD-95
45%
1995 F/A-18E Super Hornet
34%
1995 F/A-18F Super Hornet
34%
1978 F/A-18 Hornet
34%
1925 C-1
17%
1972 F-15 Eagle
14%
1986 F-15E Strike Eagle
7%
1981 KC-10 Extender
7%
1933 M-1
7%
1988 T-45 Goshawk
7%
1996 A-12 Avenger II
3%
1967 A-4G Skyhawk
3%
1954 A-4 Skyhawk
3%
1981 AV-8B Harrier II
3%
1991 C-17 Globemaster III
3%
1941 C-47 Skytrain
3%
1982 CF-18 Hornet
3%
1958 F-4 Phantom II
3%
1987 High AlphaResearch Vehicle
3%
1975 YC-15
3%
1945 A-1 Skyraider
0%
1940 A-20 Havoc
0%
1942 A-26 Invader
0%
1950 A2D Skyshark
0%
1940 A-33
0%
1953 A-3 Skywarrior
0%
1964 AC-47 Spooky
0%
1935 B-18 Bolo
0%
1939 B-23 Dragon
0%
1955 B-66 Destroyer
0%
1943 BTD Destroyer
0%
1949 C-124 Globemaster
0%
1956 C-133 Cargomaster
0%
1941 C-54 Skymaster
0%
1945 C-74 Globemaster
0%
2009 C-9
0%
1921 Cloudster
0%
1947 Cloudster II
0%
1947 D-558-1 Skystreak
0%
1948 D-558-2 Skyrocket
0%
1928 DA-1 Ambassador
0%
1938 DC-4E
0%
1936 DF
0%
1931 Dolphin
0%
1922 DT
0%
1991 F-15 STOL/MTD
0%
1948 F3D Skyknight
0%
1951 F4D Skyray
0%
1956 F5D Skylancer
0%
1924 O-2
0%
1934 O2D
0%
1930 O-31
0%
1931 O-38
0%
1934 O-43
0%
1936 O-46
0%
1986 Project Kahu
0%
1944 SBD Dauntless
0%
1927 T2D
0%
1935 TBD Devastator
0%
1924 World Cruiser
0%
1952 X-3 Stiletto
0%
1926 XA-2
0%
1941 XB-19
0%
1944 XB-42 Mixmaster
0%
1946 XB-43 Jetmaster
0%
1946 XCG-17
0%
1945 XFD
0%
1935 XP3D
0%
1931 XT3D
0%
1945 XTB2D Skypirate
0%
1931 Y1B-7
0%
1935 YOA-5
0%
No matching quizzes found
Score Distribution
Percent of People with Each Score
Percentile by Number Answered
Your Score History
You have not taken this quiz